000
00347cam a2200145ua 4500
041
_a
hin
_h
082
_a
891.54
_b
RIS/GA
100
_a
Rishab charan , Jain .
245
_a
Garder /
_c
Rishab Charan jain.
_h
Textual Documents
260
_a
:
_b
Jan prakashan ,
_c
1962.
300
_a
108 ; .
504
_a
942
_c
BK
999
_c
11664
_d
11664